Quel est ce jeu sur téléphone? - Statistiques

Statistiques générales
  • Ce quiz a été pris 180 fois
  • Le résultat moyen est 14 sur 35
Statistiques - réponses
Par images Réponse % Correct
Pokémon Go
94%
Candy Crush
82%
Among Us
81%
Subway Surfers
81%
Akinator
74%
Geometry Dash
70%
Angry Birds
66%
Fruit Ninja
66%
Clash Royale
64%
Flappy Bird
62%
Brawl Stars
61%
Roblox
60%
2048
57%
Piano Tiles
55%
Temple Run
55%
Doodle Jump
50%
Zombie Tsunami
43%
Jetpack Joyride
38%
Paf le chien
31%
94 %
29%
Plague Inc
28%
Paper.io
26%
Snake.io
26%
Cut the Rope
24%
Mario Kart Tour
24%
Dragon City
18%
Flappy Dunk
15%
Dragon Ball Legends
13%
Hill Climb Racing
13%
Stack
13%
AFK Arena
6%
Pokémon Masters
6%
Forge of Empires
4%
QuizUp
4%
Stickman Dismounting
1%
Aucun quiz correspondant
Distribution des résultats
% des personnes avec chaque résultat
Percentile par nombre de réponses
Votre historique - résultats
Vous n’avez pas pris ce quiz